| 000 | 00573nam a2200217Ia 4500 | ||
|---|---|---|---|
| 999 |
_c46997 _d46997 |
||
| 001 | 13851 | ||
| 003 | GE_BSU | ||
| 005 | 20221124155436.0 | ||
| 008 | 181216s2004||||enk|||||||||||||| ||eng|| | ||
| 020 | _a9780552153706x | ||
| 040 | _cGE_BSU | ||
| 041 | _aeng | ||
| 080 | _a821.111-3 I-55 | ||
| 100 |
_aImogen, Edwards-Jones. _916053 |
||
| 245 |
_aHotel babylon. _cEdwards-Jones Imogen. |
||
| 264 |
_aLondon: _bCorgi Books, _c. |
||
| 300 |
_a351p.; _b18 cm. |
||
| 653 | _aHotel babylon. | ||
| 653 | _aსასტუმრო ბაბილონი | ||
| 942 |
_cBK _2udc |
||